1673 1866 1693 1515 1927 1529 1901 1382 1670 1401 1939 1567 1354 1882 1689 1185 1125 2000 1989 1919 1004 1604 1714 1728 1828 1035 1971 1089 1105 1552 1615 1155 1788 1560 1669 1693 1926 1577 1283 1023 1433 1879 1662 1728 1940 1561 1017 1295 1872 1583 1332 1212 1572 1897 1094 1968 1981 1932 1814 1410 1940 1307 1688 1764 1456 1099 1622 1045 1102 1049 1864 1724 1862 1487 1315 1428 1869 1212 1336 1117 1322 1580 1529 1136 1569 1827 1202 1277 1206 1739 1662 1776 1901 1088 1964 1028 1422 1228 1235 BCNSPRNW ULIB Ver.6.0+V

เปลี่ยนเป็นภาษาไทย

Change to English
 แสดงรายละเอียดบรรณานุกรม
  กลับหน้าหลัก

Brief Record : Get Marc (ISO 2709) : E-mail record : QR code < ปิดหน้าต่าง
LEADER : 00000nam 2200000uu 4500
001    13399111008
003     ULIB
008    110614s||||||||th 000 0 tha d
020    9786117046421
050 04 AE71^bว366ล 2552
100 0  Richard Walker
245 10 โลกพิศวง ของ ร่างกายมนุษย์ /^cโดย Richard Walker , แปล ; ปรียารัตน์ มาอินทร์
250    พิมพ์ครั้งที่ 1
260    กรุงเทพฯ :^bเนชั่น เอ็กมอนท์,^c2552
300    64 หน้า :^bภาพประกอบสี
650  7 ความรู้ทั่วไป
650  7 ร่างกายมนุษย์
700 0  ปรียารัตน์ มาอินทร์,^eแปล
700 0  กฤติกา ชินพันธ์,^eบรรณาธิการ
945    ^p395^l0^i027242
995    ทศพร
999 ^a ใช้งานได้ทุกระบบ
รายการนี้ยังไม่มีแท็ก
คุณยังไม่ได้ล็อกอิน คุณสามารถมีกิจกรรมร่วมกับเว็บไซต์ได้ แต่ต้องล็อกอินก่อน ::
  ล็อกอิน

รายการสื่อสารสนเทศ

ลำดับที่ ประเภท เลขเรียก/บาร์โค้ด สถานที่ สถานะ
- ไม่พบข้อมูล -

รายการใกล้เคียง
    ผู้แต่ง [Richard Walker]

    หัวเรื่อง [ความรู้ทั่วไป]
    หัวเรื่อง [ร่างกายมนุษย์]

BibComment


ยังไม่เคยถูกคอมเมนท์

คอมเมนท์ทรัพยากรรายการนี้
  คอมเมนท์: โลกพิศวง ของ ร่าง..


 Copyright 2026. Bcnsprnw @Library